Kooperační struktuty MSP jako platforma vzniku "emergency knowledge"
Koperácia, tímová práca, odovzdávanie si informácií a tvorba znalostí v krízových situáciách. Kooperácia v sieťach. Štádiá kooperačných štruktúr. Kooperácia a tvorba emergency knowledge. Systém emergency knowledge v praxi. Prípadová štúdia: kooperácia v zdravotníckych službách. Väzby medzi účastníkm...
Gespeichert in:
| 1. Verfasser: | |
|---|---|
| Format: | Buchkapitel |
| Sprache: | Tschechisch |
| Schlagworte: | |
| Tags: |
Keine Tags, Fügen Sie das erste Tag hinzu!
|
MARC
| LEADER | 00000nla$a2200000$$$4500 | ||
|---|---|---|---|
| 001 | 0124713 | ||
| 005 | 20221107083845.1 | ||
| 041 | 0 | |a cze | |
| 044 | |a CZ | ||
| 245 | 1 | 0 | |a Kooperační struktuty MSP jako platforma vzniku "emergency knowledge" |c Jarmila Šebestová |
| 520 | |a Koperácia, tímová práca, odovzdávanie si informácií a tvorba znalostí v krízových situáciách. Kooperácia v sieťach. Štádiá kooperačných štruktúr. Kooperácia a tvorba emergency knowledge. Systém emergency knowledge v praxi. Prípadová štúdia: kooperácia v zdravotníckych službách. Väzby medzi účastníkmi znalostnej siete. | ||
| 610 | 2 | 0 | |a kooperácia |
| 610 | 2 | 0 | |a práca tímová |
| 610 | 2 | 0 | |a spolupráca podnikov |
| 610 | 2 | 0 | |a vedomosti |
| 610 | 2 | 0 | |a zdravotníctvo |
| 610 | 2 | 0 | |a podnik malý |
| 610 | 2 | 0 | |a podnik stredný |
| 100 | 1 | |a Šebestová, Jarmila | |